• 首页
  • 本馆介绍
  • 公告通知
  • 最新文献
  • 馆藏检索
  • 电子资源
  • 读者导购
  • 参考咨询
  • 我的图书馆
  • 登录
  • 详细信息显示
  • 放入我的书架
  • 预约/预借图书
  • 作者相关作品
  • 分类相关作品
  • 丛书相关作品
  • 出版社相关作品

书目信息

  • 表格格式
  • 工作单格式
  • 卡片格式
题名:
上课的门道
    
 
作者: 于素梅 著
分册:  
出版信息: 北京   教育科学出版社  2017
页数: 321页
开本: 24cm
丛书名: 体育教师专业发展丛书
单 册:
中图分类: G633.962
科图分类:
主题词: 体育课--课堂教学--教学研究--中小学
电子资源:
ISBN: 978-7-5191-0973-8
000 00817oam2 2200241 450
001 103
005 20180519105948.17
010    @a978-7-5191-0973-8@dCNY45.00
100    @a20170905d2017 em y0chiy50 ea
101 0  @achi
102    @aCN@b110000
105    @aa z 000yy
200 1  @a上课的门道@9shang ke de men dao@f于素梅著
210    @a北京@c教育科学出版社@d2017
215    @a321页@c图@d24cm
225 1  @a体育教师专业发展丛书
330    @a本书共分为3大部分,主要内容包括:体育教师上课(走近课标 明确方向);体育教师上课(走近课堂 把握细节);体育教师上课(走出困惑 了解特性)。
461  0 @12001 @a体育教师专业发展丛书
606 0  @a体育课@x课堂教学@x教学研究@x中小学
690    @aG633.962@v5
701  0 @a于素梅@9yu su mei@c(女,@f1969~)@4著
801  0 @aCN@b91MARC@c20170905
905    @aMuseLib@dG633.962@e126
    
    上课的门道/于素梅著.-北京:教育科学出版社,2017
    321页:图;24cm.-(体育教师专业发展丛书)
    
    
    ISBN 978-7-5191-0973-8:CNY45.00
    本书共分为3大部分,主要内容包括:体育教师上课(走近课标 明确方向);体育教师上课(走近课堂 把握细节);体育教师上课(走出困惑 了解特性)。
●
相关链接 在E读中查询图书 在五车中查询图书 在当当中查询图书 在豆瓣中查询图书


正题名:上课的门道     索取号:G633.962/126         预约/预借

序号 登录号 条形码 馆藏地/架位号 状态 备注
1 1100544   211005446   第一样本阅览室/ [索取号:G633.962/126] 在馆    
2 1100545   211005455   教育系资料室/ [索取号:G633.962/126] 在馆    
3 1100546   211005464   教育系资料室/ [索取号:G633.962/126] 在馆    
4 1100547   211005473   教育系资料室/ [索取号:G633.962/126] 在馆    
5 1100548   211005482   第四借阅区/ [索取号:G633.962/126] 在馆    
6 1100549   211005491   第四借阅区/ [索取号:G633.962/126] 在馆    
唐山师范学院图书馆 欢迎您!
大连网信软件有限公司© 版权所有